Environmental Regulations as a Driver of Innovation in Slovak Enterprises

Štúdia skúma vplyv environmentálnych predpisov a environmentálnej politiky na inovačné procesy v podnikoch. Teoretická časť definuje kľúčové koncepty, nástroje a strategické rámce, ako napríklad Agenda 2030 a Európska zelená dohoda, ktoré formujú regulačné prostredie. Empirická časť je založená na d...

ver descrição completa

Na minha lista:
Detalhes bibliográficos
Autor principal: Ševčíková, Renáta, 1982-
Formato: Capítulo de Livro
Idioma:inglês
Assuntos:
Tags: Adicionar Tag
Sem tags, seja o primeiro a adicionar uma tag!

MARC

LEADER 00000naa$a2200000$$$4500
001 0313442
005 20251215130737.9
041 0 |a eng 
044 |a SK 
245 1 0 |a Environmental Regulations as a Driver of Innovation in Slovak Enterprises  |c Renáta Ševčíková 
520 |a Štúdia skúma vplyv environmentálnych predpisov a environmentálnej politiky na inovačné procesy v podnikoch. Teoretická časť definuje kľúčové koncepty, nástroje a strategické rámce, ako napríklad Agenda 2030 a Európska zelená dohoda, ktoré formujú regulačné prostredie. Empirická časť je založená na dotazníkovom prieskume medzi slovenskými podnikmi. Výsledky ukazujú, že primárnym motorom inovácií je environmentálna zodpovednosť (43 %), nasledovaná dodržiavaním predpisov (31 %). Viac ako 64 % respondentov vníma predpisy ako tlak, no často aj ako stimul pre adaptáciu a modernizáciu. 
610 2 0 |a investície 
610 2 0 |a investície ekologické 
610 2 0 |a investície finančné 
610 2 0 |a investovanie 
610 2 0 |a investície spoločné 
610 2 0 |a pandémia 
610 2 0 |a konkurencieschopnosť 
610 2 0 |a zodpovednosť spoločenská 
100 1 |a Ševčíková, Renáta, 1982-